[Event "GER-chT U20"]
[Site "Osnabrueck"]
[Date "2013.12.30"]
[Round "7.3"]
[White "Kuckling, Jonas"]
[Black "Pluska, Alexander"]
[Result "0-1"]
[WhiteElo "1757"]
[BlackElo "1875"]
[PlyCount "94"]
[EventDate "2013.12.27"]
[EventType "team-swiss"]
[EventRounds "7"]
[EventCountry "GER"]
[SourceTitle "EXT 2015"]
[Source "ChessBase"]
[SourceDate "2014.11.20"]
[SourceVersion "1"]
[SourceVersionDate "2014.11.20"]
[SourceQuality "1"]
[WhiteTeam "Lippstadt Turm"]
[BlackTeam "Kiel Doppelbauer"]
[WhiteTeamCountry "GER"]
[BlackTeamCountry "GER"]

1. d4 d5 2. c4 e6 3. Nc3 c6 4. Nf3 Nf6 5. Bg5 h6 6. Bh4 g5 7. Bg3 dxc4 8. a4 Bb4 9. h4 g4 10. Ne5 b5 11. axb5 cxb5 12. h5 Ne4 13. Rc1 Nxg3 14. fxg3 Bb7 15. e3 Qg5 16. Qe2 Nc6 17. Nxg4 f5 18. Nf2 Nxd4 19. exd4 Qxc1+ 20. Nfd1 Bxc3+ 21. bxc3 Be4 22. g4 0-0-0 23. gxf5 exf5 24. Rh3 Rde8 25. Re3 Bc6 26. Re6 Kd7 27. Re5 Rxe5 28. dxe5 Re8 29. Qf2 Rxe5+ 30. Be2 Qa3 31. Qd4+ Ke6 32. g4 Qe7 33. gxf5+ Kf7 34. Qg4 Rxe2+ 35. Qxe2 Qxe2+ 36. Kxe2 Kf6 37. Ne3 Be8 38. Kf2 Bxh5 39. Kg3 Be2 40. Kf4 h5 41. Nd5+ Kf7 42. Kg5 Bf3 43. Nf4 a5 44. Ng6 Bg4 45. Ne5+ Kf8 46. f6 a4 47. f7 Be6 0-1

[Event "GER-chT U20"]
[Site "Osnabrueck"]
[Date "2013.12.27"]
[Round "1.3"]
[White "Kuckling, Jonas"]
[Black "Mueller, Richard"]
[Result "0-1"]
[WhiteElo "1757"]
[BlackElo "2123"]
[PlyCount "60"]
[EventDate "2013.12.27"]
[EventType "team-swiss"]
[EventRounds "7"]
[EventCountry "GER"]
[SourceTitle "EXT 2015"]
[Source "ChessBase"]
[SourceDate "2014.11.20"]
[SourceVersion "1"]
[SourceVersionDate "2014.11.20"]
[SourceQuality "1"]
[WhiteTeam "Lippstadt Turm"]
[BlackTeam "Coswig"]
[WhiteTeamCountry "GER"]
[BlackTeamCountry "GER"]

1. d4 Nf6 2. c4 g6 3. Nc3 d5 4. cxd5 Nxd5 5. Bd2 Bg7 6. e4 Nb6 7. Be3 0-0 8. Be2 Nc6 9. d5 Ne5 10. Qb3 Bh8 11. Nf3 Nxf3+ 12. gxf3 e6 13. Rd1 Qh4 14. Nb5 Bd7 15. Rc1 exd5 16. Nxc7 d4 17. Bd2 Rac8 18. Bb4 Qf4 19. Bd2 Qe5 20. Nd5 Be6 21. Rxc8 Rxc8 22. Bf4 Qh5 23. Rg1 h6 24. Kd2 Nxd5 25. exd5 Bxd5 26. Qd3 Bc4 27. Qe4 Qa5+ 28. Kd1 Qxa2 29. Qxb7 Bb3+ 30. Kd2 Qxb2+ 0-1

[Event "GER-chT U14"]
[Site "Arendsee"]
[Date "2009.12.27"]
[Round "2.4"]
[White "Kuckling, Jonas"]
[Black "Foerstel, Markus"]
[Result "1-0"]
[WhiteElo "1497"]
[BlackElo "1382"]
[PlyCount "113"]
[EventDate "2009.12.27"]
[EventType "team-swiss"]
[EventRounds "7"]
[EventCountry "GER"]
[SourceTitle "EXT 2022"]
[Source "ChessBase"]
[SourceDate "2021.10.06"]
[SourceVersion "1"]
[SourceVersionDate "2021.10.06"]
[SourceQuality "1"]
[WhiteTeam "Paderborn 2000 U14"]
[BlackTeam "Forchheim SC U14"]
[WhiteTeamCountry "GER"]
[BlackTeamCountry "GER"]

1. d4 d5 2. c4 e6 3. Nc3 Nf6 4. Nf3 Bb4 5. Bg5 0-0 6. e3 b6 7. cxd5 Bxc3+ 8. bxc3 exd5 9. Bd3 Nbd7 10. 0-0 Re8 11. Rc1 Bb7 12. Bb1 Ba6 13. Re1 Qc8 14. Qc2 Ne4 15. Bf4 Ndf6 16. Ng5 h6 17. Nxe4 dxe4 18. Qd2 Nd5 19. Be5 f6 20. Bxe4 Bb7 21. Bxd5+ Bxd5 22. Bg3 Qe6 23. e4 Bb7 24. d5 Qd7 25. c4 c6 26. Qf4 cxd5 27. cxd5 Rac8 28. h3 Rxc1 29. Rxc1 Rc8 30. Rc7 Rxc7 31. Qxc7 Qxc7 32. Bxc7 Kf7 33. f3 Ke7 34. d6+ Kd7 35. Kf2 Kc6 36. g3 Bc8 37. h4 Be6 38. a3 Kb5 39. Ke3 Ka4 40. d7 Bxd7 41. Bd6 Kb5 42. Kd4 Kc6 43. Bf8 g6 44. Bxh6 f5 45. exf5 Bxf5 46. Ke5 a5 47. Bf8 Kd7 48. Kf6 Kc6 49. h5 Bd3 50. hxg6 Kb5 51. g7 Bc4 52. f4 Ka4 53. Bd6 b5 54. Ke7 b4 55. axb4 axb4 56. Bxb4 Kxb4 57. f5 1-0

[Event "GER-ch U25 op"]
[Site "Willingen"]
[Date "2009.06.06"]
[Round "9"]
[White "Neitzel, Mirko"]
[Black "Kuckling, Jonas"]
[Result "1-0"]
[WhiteElo "1810"]
[BlackElo "1539"]
[PlyCount "53"]
[EventDate "2009.05.30"]
[EventType "swiss"]
[EventRounds "9"]
[EventCountry "GER"]
[SourceTitle "EXT 2010"]
[Source "ChessBase"]
[SourceDate "2010.11.25"]
[SourceVersion "1"]
[SourceVersionDate "2010.11.25"]
[SourceQuality "1"]

1. e4 c5 2. Nc3 Nc6 3. f4 d6 4. Nf3 g6 5. Bc4 Bg7 6. 0-0 e6 7. d3 Nge7 8. Qe1 a6 9. a4 Bd7 10. Kh1 Nb4 11. Qf2 Rb8 12. Bb3 0-0 13. f5 exf5 14. Qh4 fxe4 15. Ng5 h5 16. Nxf7 Qc7 17. Qxe7 Rbe8 18. Qxd6 Qxd6 19. Nxd6+ Kh8 20. Bd2 e3 21. Nxe8 Rxe8 22. Be1 Bd4 23. Ne2 Bxb2 24. Bc3+ Bxc3 25. Nxc3 e2 26. Rfe1 Bg4 27. h3 1-0

[Event "GER-ch U25 op"]
[Site "Willingen"]
[Date "2009.06.01"]
[Round "3"]
[White "Kuckling, Jonas"]
[Black "Klebanov, Andrej"]
[Result "1/2-1/2"]
[WhiteElo "1539"]
[BlackElo "1818"]
[PlyCount "84"]
[EventDate "2009.05.30"]
[EventType "swiss"]
[EventRounds "9"]
[EventCountry "GER"]
[SourceTitle "EXT 2010"]
[Source "ChessBase"]
[SourceDate "2010.11.25"]
[SourceVersion "1"]
[SourceVersionDate "2010.11.25"]
[SourceQuality "1"]

1. d4 b5 2. c4 bxc4 3. e4 Bb7 4. Nc3 e6 5. a3 d5 6. e5 c5 7. Be3 Nc6 8. Nf3 Qb6 9. dxc5 Bxc5 10. Na4 Qa5+ 11. Bd2 Qb5 12. Nc3 Qb6 13. Na4 Qb5 14. Nc3 Qa6 15. b3 Na5 16. b4 Nb3 17. Qxb3 Qb6 18. Qa4+ Bc6 19. bxc5 Bxa4 20. cxb6 axb6 21. Nd4 Kd7 22. Be2 Ne7 23. 0-0 f6 24. f4 Rhb8 25. Rab1 Nc6 26. Ndb5 d4 27. Nxa4 Rxa4 28. exf6 gxf6 29. Rfd1 d3 30. Bc3 Ne7 31. Bb4 Nd5 32. Bxd3 cxd3 33. Rxd3 Ke8 34. g3 Kf7 35. Nc7 Nxb4 36. Rxb4 Ra7 37. Rbd4 Rxc7 38. Rd7+ Rxd7 39. Rxd7+ Kg6 40. Re7 Kf5 41. Rxh7 Ra8 42. Rb7 Ra6 1/2-1/2

[Event "GER-ch U25 op"]
[Site "Willingen"]
[Date "2008.05.16"]
[Round "8"]
[White "Neumair, Dorian"]
[Black "Kuckling, Jonas"]
[Result "1-0"]
[WhiteElo "1184"]
[BlackElo "1420"]
[PlyCount "159"]
[EventDate "2008.05.11"]
[EventType "swiss"]
[EventRounds "9"]
[EventCountry "GER"]
[SourceTitle "CBM 124 Extra"]
[Source "ChessBase"]
[SourceDate "2008.07.03"]
[SourceVersion "1"]
[SourceVersionDate "2008.07.03"]
[SourceQuality "1"]

1. e4 c5 2. c4 e6 3. Nc3 a6 4. g3 Nc6 5. Bg2 Nf6 6. d3 Be7 7. Nge2 0-0 8. 0-0 Qc7 9. a3 d6 10. f4 Rb8 11. h3 b6 12. Be3 Bb7 13. Rb1 e5 14. fxe5 dxe5 15. Bg5 Rbd8 16. Bxf6 Bxf6 17. Nd5 Qd6 18. Nec3 Ne7 19. Nxf6+ gxf6 20. Qg4+ Ng6 21. Rbd1 Bc8 22. Qf3 Kg7 23. Nd5 f5 24. exf5 Rh8 25. fxg6 Qxg6 26. Qf6+ Qxf6 27. Nxf6 Be6 28. b4 Bxc4 29. Be4 Be6 30. Kh2 Rd6 31. Nh5+ Kf8 32. g4 Ke7 33. Ng7 Bd7 34. Nf5+ Bxf5 35. Bxf5 Rd4 36. bxc5 bxc5 37. Rc1 Kd6 38. Be4 Ra4 39. Rc3 Ke6 40. Ra1 Kd6 41. Rc4 Rxc4 42. dxc4 h5 43. Kg3 hxg4 44. Kxg4 Rg8+ 45. Kf5 Rg3 46. h4 Rh3 47. Kg4 Rc3 48. Bd5 f6 49. h5 Rc2 50. Kf5 Rh2 51. Kg6 f5 52. h6 e4 53. h7 e3 54. Kg7 Ke5 55. h8Q Rxh8 56. Kxh8 f4 57. Bf3 Kd4 58. Rc1 Kd3 59. Kg7 Kd2 60. Rd1+ Kc3 61. Kf6 Kxc4 62. Ke5 Kb3 63. Kxf4 c4 64. Kxe3 c3 65. Kd3 Kb2 66. a4 c2 67. Rh1 c1Q 68. Rxc1 Kxc1 69. Kc4 Kd2 70. Bc6 Ke3 71. Kc5 a5 72. Kb5 Kd4 73. Bh1 Ke5 74. Kxa5 Kd6 75. Kb6 Kd7 76. Kb7 Kd6 77. a5 Kc5 78. a6 Kb4 79. a7 Kc5 80. a8Q 1-0

[Event "GER-ch U25 op"]
[Site "Willingen"]
[Date "2008.05.14"]
[Round "6"]
[White "Massloch, Philipp"]
[Black "Kuckling, Jonas"]
[Result "1-0"]
[WhiteElo "1585"]
[BlackElo "1420"]
[PlyCount "59"]
[EventDate "2008.05.11"]
[EventType "swiss"]
[EventRounds "9"]
[EventCountry "GER"]
[SourceTitle "CBM 124 Extra"]
[Source "ChessBase"]
[SourceDate "2008.07.03"]
[SourceVersion "1"]
[SourceVersionDate "2008.07.03"]
[SourceQuality "1"]

1. e4 c5 2. Nf3 e6 3. d4 cxd4 4. Nxd4 a6 5. Be3 Qc7 6. Nc3 Ba3 7. Bc1 Be7 8. Be2 Nf6 9. f3 0-0 10. 0-0 d6 11. Qe1 Nbd7 12. f4 b6 13. Qg3 e5 14. Nf5 g6 15. Nxe7+ Kh8 16. Nxc8 Qxc8 17. fxe5 dxe5 18. Bg5 Nh5 19. Bxh5 gxh5 20. Bf6+ Nxf6 21. Rxf6 Rg8 22. Qxe5 Qg4 23. Rg6+ f6 24. Qxf6+ Rg7 25. Rxg4 Rag8 26. Rxg7 Rxg7 27. Rf1 h4 28. Qd8+ Rg8 29. Qd4+ Rg7 30. Rf8# 1-0

[Event "GER-ch U25 op"]
[Site "Willingen"]
[Date "2008.05.12"]
[Round "3"]
[White "Kuckling, Jonas"]
[Black "Hager, Jason Armin"]
[Result "1-0"]
[WhiteElo "1420"]
[BlackElo "1013"]
[PlyCount "47"]
[EventDate "2008.05.11"]
[EventType "swiss"]
[EventRounds "9"]
[EventCountry "GER"]
[SourceTitle "CBM 124 Extra"]
[Source "ChessBase"]
[SourceDate "2008.07.03"]
[SourceVersion "1"]
[SourceVersionDate "2008.07.03"]
[SourceQuality "1"]

1. d4 d5 2. c4 Nf6 3. Nc3 Nc6 4. Bg5 e6 5. Nf3 Be7 6. e3 Ne4 7. Nxe4 dxe4 8. Bxe7 Qxe7 9. Nd2 Qb4 10. b3 e5 11. a3 Qc3 12. dxe5 Nxe5 13. Be2 Nd3+ 14. Bxd3 Qxd3 15. Qh5 Qc3 16. Rd1 g6 17. Qh4 f5 18. 0-0 Qd3 19. Nxe4 Qxf1+ 20. Kxf1 Be6 21. Qf6 Rg8 22. Qxe6+ Kf8 23. Ng5 Rg7 24. Qf6+ 1-0

[Event "Sachsen-ch U12"]
[Site "Sebnitz"]
[Date "2007.04.14"]
[Round "7"]
[White "Neef, Maximilian"]
[Black "Kuckling, Jonas"]
[Result "1-0"]
[WhiteElo "1307"]
[BlackElo "1152"]
[PlyCount "71"]
[EventDate "2007.04.10"]
[EventType "swiss"]
[EventRounds "7"]
[EventCountry "GER"]
[SourceTitle "EXT 2008"]
[Source "ChessBase"]
[SourceDate "2007.11.25"]
[SourceVersion "1"]
[SourceVersionDate "2007.11.25"]
[SourceQuality "1"]

1. d4 d5 2. c4 e6 3. Nc3 Nf6 4. Bg5 Be7 5. Nf3 Nbd7 6. e3 0-0 7. Rc1 b6 8. Be2 dxc4 9. Bxc4 Bb7 10. 0-0 h6 11. Bh4 Rc8 12. Qe2 a5 13. Rfd1 c6 14. a4 Nd5 15. Bxe7 Qxe7 16. e4 Nxc3 17. bxc3 e5 18. Bd3 exd4 19. cxd4 c5 20. d5 Rfe8 21. Rd2 Nf6 22. Re1 c4 23. Bxc4 Nxe4 24. Rd4 Qc5 25. Rxe4 Rxe4 26. Qxe4 Qxc4 27. Qxc4 Rxc4 28. d6 Rc8 29. d7 Rd8 30. Re8+ Rxe8 31. dxe8Q+ Kh7 32. Qxf7 Bc6 33. Ne5 Bxa4 34. Nd7 Bc2 35. Nf6+ Kh8 36. Qg8# 1-0

[Event "Sachsen-ch U12"]
[Site "Sebnitz"]
[Date "2007.04.13"]
[Round "6"]
[White "Kuckling, Jonas"]
[Black "Pinka, Maximilian"]
[Result "1-0"]
[WhiteElo "1152"]
[BlackElo "1098"]
[PlyCount "81"]
[EventDate "2007.04.10"]
[EventType "swiss"]
[EventRounds "7"]
[EventCountry "GER"]
[SourceTitle "EXT 2008"]
[Source "ChessBase"]
[SourceDate "2007.11.25"]
[SourceVersion "1"]
[SourceVersionDate "2007.11.25"]
[SourceQuality "1"]

1. d4 d5 2. c4 dxc4 3. Nc3 Nf6 4. Bg5 Nd5 5. e3 Nxc3 6. bxc3 Qd5 7. Nf3 Bg4 8. Be2 Nd7 9. Bf4 Qa5 10. Qc2 c5 11. 0-0 cxd4 12. cxd4 b5 13. a4 Rc8 14. axb5 Qxb5 15. Rxa7 f6 16. Rc7 Rxc7 17. Bxc7 Qb7 18. Qxc4 h5 19. Bg3 g5 20. h3 Bf5 21. Bd3 Nb6 22. Qa6 Qxa6 23. Bxa6 h4 24. Bc7 Nd5 25. Bb5+ Kf7 26. Bc4 e6 27. Bxd5 exd5 28. Bb6 g4 29. hxg4 Bxg4 30. Nd2 h3 31. gxh3 Rxh3 32. Rc1 Kg6 33. Nf1 Bd6 34. Bc7 Bf3 35. Nh2 Bxh2+ 36. Bxh2 Kf5 37. Rc8 Ke4 38. Rg8 Rh7 39. Rg3 Rc7 40. Rxf3 Kxf3 41. Bxc7 1-0

[Event "Sachsen-ch U12"]
[Site "Sebnitz"]
[Date "2007.04.10"]
[Round "1"]
[White "Koelbel, Ole"]
[Black "Kuckling, Jonas"]
[Result "0-1"]
[WhiteElo "1412"]
[BlackElo "1152"]
[PlyCount "78"]
[EventDate "2007.04.10"]
[EventType "swiss"]
[EventRounds "7"]
[EventCountry "GER"]
[SourceTitle "EXT 2008"]
[Source "ChessBase"]
[SourceDate "2007.11.25"]
[SourceVersion "1"]
[SourceVersionDate "2007.11.25"]
[SourceQuality "1"]

1. e4 c5 2. Nf3 e6 3. d4 cxd4 4. Nxd4 a6 5. a3 Qc7 6. Nc3 Nc6 7. g3 Nf6 8. Bg2 Be7 9. Be3 0-0 10. 0-0 d6 11. Qd2 Bd7 12. Rfd1 Rfe8 13. f4 Rad8 14. Rac1 e5 15. Nf3 Bg4 16. h3 Be6 17. f5 Bd7 18. Nd5 Nxd5 19. exd5 Na5 20. Qf2 Nc4 21. g4 Nxe3 22. Qxe3 h6 23. c4 e4 24. Nd2 Bg5 25. Qe2 Qb6+ 26. Kf1 Qxb2 27. Rb1 Qxa3 28. Nxe4 Qa5 29. Qc2 Ba4 30. Qa2 b5 31. Ra1 Qb6 32. Rdb1 Qd4 33. Re1 Bh4 34. Nf2 Bb3 35. Rad1 Qxc4+ 36. Qe2 Rxe2 37. Rxe2 Bxd1 38. Nxd1 Re8 39. Ne3 Rxe3 0-1